logo

Bir Sreshtho Munshi Abdur Rouf Library
Jhenaidah Cadet College

His Finest Hour / (Record no. 1732)

MARC details
000 -LEADER
fixed length control field 00590nam a2200217 a 4500
001 - CONTROL NUMBER
JCCL Control Number 1732
003 - CONTROL NUMBER IDENTIFIER
JCCL marc code BD-JhCC
005 - DATE AND TIME OF LATEST TRANSACTION
control field 20221020134024.0
008 - FIXED-LENGTH DATA ELEMENTS--GENERAL INFORMATION
fixed length control field 171023s2010 nyu |||| |||| 000 0 eng d
035 ## - SYSTEM CONTROL NUMBER
system control number (BD-JhCC)1732
040 ## - CATALOGING SOURCE
Original cataloging agency BD-JhCC
Modifying agency BD-JhCC
041 ## - LANGUAGE CODE
Language code of Book eng
082 ## - DEWEY DECIMAL CLASSIFICATION NUMBER
Classification number 891.4435
Author mark and Year CAT 2010
100 ## - MAIN ENTRY--PERSONAL NAME
Personal name Catherwood, Christopher
245 ## - TITLE STATEMENT
Title His Finest Hour /
Statement of responsibility, etc Christopher Catherwood
260 ## - PUBLICATION, DISTRIBUTION, ETC. (IMPRINT)
Place of publication, distribution, etc New Yourk :
Name of publisher, distributor, etc A Herman Graf Book ;
Date of publication, distribution, etc 2010
300 ## - PHYSICAL DESCRIPTION
Pagination 235 p. ;
Dimensions 22 cm
500 ## - GENERAL NOTE
General note A biography of Winston Churchill
650 ## - SUBJECT ADDED ENTRY--TOPICAL TERM
Topical term or geographic name as entry element English Short Stories
942 ## - ADDED ENTRY ELEMENTS (KOHA)
Source of classification or shelving scheme Dewey Decimal Classification
Koha item type Books
Koha issues (borrowed), all copies 6
Holdings
Source of classification or shelving scheme Damaged status Not for loan Home library Current library Date of accession Total Checkouts Full call number Barcode Date last seen Date checked out Copy number Koha item type
Dewey Decimal Classification     JCC Rouf Library JCC Rouf Library 10/23/2017 5 891.4435 CAT 2010 3075 11/03/2025 11/11/2024 C-1 Books

JCC Library | Contacts | JCC Home

Last Update on 23 September 2017
Copyright @ 2017-2020 JCC Rouf Library
Rouf Library, Jhenidah Cadet College (JCC), Bangladesh